000 00585nam a2200193Ia 4500
005 20260114185619.0
008 008 260114s9999 xx 000 0 eng d
020 _a9781474291514
037 _aEBOOK
040 _aCRL
_beng
_cCRL
041 _aeng
_2eng
084 _qCRL
100 _aVincent Trott
_9872237
245 0 _aPublishers, Readers and the Great War Literature and Memory since 1918
260 _bBloomsbury
_c2017
856 _uhttps://doi.org/10.5040/9781474291514?locatt=label:secondary_bloomsburyCollections
942 _cEBOOK
999 _c1471185
_d1471185